Pays produisant le plus de dattes - Statistiques

Statistiques générales
  • Ce quiz a été pris 97 fois
  • Le résultat moyen est 16 sur 20
Statistiques - réponses
1000 tonnes pays % Correct
1059 Algérie
99%
130 Maroc
99%
260 Tunisie
98%
1590 Égypte
93%
755 Arabie Saoudite
86%
175 Libye
85%
1185 Iran
82%
619 Irak
81%
39 Turquie
80%
48 Yémen
77%
162 Chine
74%
361 Oman
74%
44 Israël
69%
25 Jordanie
69%
29 Qatar
68%
439 Soudan
68%
524 Pakistan
67%
475 Émirats arabes unis
66%
87 Koweït
64%
39 Etats-Unis
53%
Aucun quiz correspondant
Distribution des résultats
% des personnes avec chaque résultat
Percentile par nombre de réponses
Votre historique - résultats
Vous n’avez pas pris ce quiz